000 00452cam a2200169ua 4500
020 _a0 09 152601 9
041 _aeng
_h
082 _a694.1
_bBET/CA
100 _aBett, Peter .
245 _aCarpentary and joinery for advanced craft students : Site practice /
_cPeter Bett.
_hTextual Documents
250 _a1 /
_b.
260 _aLondon :
_b Hutchinson and co. ,
_c1985.
300 _a391 ; .
504 _a
942 _cBK
999 _c1808
_d1808